|
|
|
|
| LEADER |
00925nam a2200253 a 4500 |
| 001 |
3053474 |
| 008 |
090623s1997 ilua 001 0 eng d |
| 010 |
|
|
|a \\\96032397
|
| 020 |
|
|
|a 0256233373
|
| 040 |
|
|
|a DLC
|c DLC
|d DLC
|
| 082 |
0 |
0 |
|a 686.2/2544536
|2 20
|
| 245 |
0 |
0 |
|a Desktop publishing using PageMaker 6.0 for Macintosh /
|c Julia Case Bradley ... [et al.].
|
| 260 |
|
|
|a Chicago :
|b Irwin,
|c 1997.
|
| 300 |
|
|
|a xvii, 667 p. :
|b ill. ;
|c 28 cm.
|
| 504 |
|
|
|a Includes index.
|
| 541 |
1 |
|
|e 00007605
|
| 650 |
|
0 |
|a Desktop publishing.
|
| 700 |
1 |
|
|a Bradley, Julia Case.
|
| 700 |
1 |
|
|a Floyd, Joanne.
|
| 700 |
1 |
|
|a Rittman, Sandra.
|
| 700 |
1 |
|
|a Sherman, Nancy.
|
| 852 |
4 |
|
|a Ayesha Abed Library
|j General shelf
|
| 999 |
|
|
|c 1656
|d 1656
|
| 952 |
|
|
|0 0
|1 0
|2 ddc
|4 0
|6 686_225445360000000_DES
|7 0
|9 1521
|a BRACUL
|b BRACUL
|c GEN
|d 2009-06-28
|g 0.00
|l 0
|o 686.22544536 DES
|p 3010007605
|r 2009-06-28
|t 1
|w 2009-06-28
|y BK
|x No price found in the accession register.
|